000
00276nam a22001217a 4500
008
171107b xxu||||| |||| 00| 0 eng d
041
_a
eng
080
_a
721.053
100
_a
62
101
_a
AUD
245
_a
CASE IN STRATEGIC SYSTEMS AUDITING
_c
BELL,T.B
942
_2
udc
_c
BK
999
_c
38157
_d
38157